| Поле | Инд. | ПП | Название | Значение |
|---|---|---|---|---|
| Тип записи | a | |||
| Библиографический уровень | m | |||
| 001 | _ | Контрольный номер | RU-LAN-BOOK-154406 | |
| 005 | Дата корректировки | 20250915104108.1 | ||
| 008 | Кодируемые данные | 201119s2021 RU y f j 000 1 rus u | ||
| 020 | a | ISBN | 978-5-8114-7088-4 | |
| 040 | c | Служба, преобразующая запись | Издательство Лань | |
| 041 | a | Код языка текста | rus | |
| 044 | a | Код страны публикации | RU | |
| 080 | a | Индекс УДК | 630 | |
| 084 | 2 | Источник индекса | rubbk | |
| a | Индекс другой классификации/Индекс ББК | 43.4я73 | ||
| 100 | 1_ | a | Автор | Султанова Р. Р. |
| 245 | a | Заглавие | Основы рекреационного лесоводства | |
| h | Физич. носитель | Электронный ресурс | ||
| c | Ответственность | Султанова Р. Р., Мартынова М. В. | ||
| 250 | a | Основные сведения об издании | 2-е изд., стер. | |
| 260 | a | Место издания | Санкт-Петербург | |
| b | Издательство | Лань | ||
| c | Дата издания | 2021 | ||
| d | Санкт-Петербург | |||
| 300 | a | Объем | 264 с. | |
| 500 | a | Примечание | Рекомендовано НМС ФГБОУ ВО «Башкирский государственный аграрный университет» в качестве учебника для студентов вузов, обучающихся по направлению «Лесное дело», «Ландшафтная архитектура» | |
| 520 | a | Аннотация | Изложены научные и практические основы рекреационного лесоводства как одного из приоритетных направлений лесного хозяйства. Дана всесторонняя характеристика видов рекреационного лесопользования, основных ресурсов, формирующих рекреационный потенциал. Освещены особенности рекреационного районирования, лесоустройства, таксации, лесохозяйственных и ландшафтных мероприятий в рекреационных лесах. Материалом послужили научные труды отечественных и зарубежных ученых, результаты исследований авторов в области рекреационного лесоводства и длительный опыт в преподавании предмета. Для бакалавров и магистров высших учебных заведений, обучающихся по направлениям «Лесное дело», «Ландшафтная архитектура», «Природообустройство и водопользование», «Туризм», а также будет полезен для преподавателей, инженерно-технических работников предприятий лесного хозяйства. | |
| 521 | a | Примеч. о целев. назн. | Книга из коллекции Лань - Лесное хозяйство и лесоинженерное дело | |
| 653 | a | Ключевые слова | рекреационное лесоводство | |
| 653 | a | Ключевые слова | рекреационное лесопользование | |
| 653 | a | Ключевые слова | лесная рекреация | |
| 653 | a | Ключевые слова | ландшафтная архитектура | |
| 700 | 1_ | a | Другие авторы | Мартынова М. В. |
| 852 | x | Примечание, не предназначенное для пользователя | e.lan2023 | |
| 856 | 4_ | u | URL | https://e.lanbook.com/book/154406 |
| z | Примечание для пользователя | Участвует в КО | ||
| 856 | 41 | u | URL | https://e.lanbook.com/img/cover/book/154406.jpg |